State of the world 1985 : a worldwatch Institute report on progress toward a sustainable society
Αποθηκεύτηκε σε:
| Άλλοι συγγραφείς: | |
|---|---|
| Μορφή: | Βιβλίο |
| Γλώσσα: | English |
| Δημοσίευση: |
New York :
W. W. Norton,
1985
|
| Θέματα: | |
| Ετικέτες: |
Προσθήκη ετικέτας
Δεν υπάρχουν, Καταχωρήστε ετικέτα πρώτοι!
|
MARC
| LEADER | 00000nam a2200000 i 4500 | ||
|---|---|---|---|
| 001 | 1/71061 | ||
| 008 | 970422s1985 eng d | ||
| 020 | |a 0-393-01930-6 | ||
| 035 | |l 10002663 | ||
| 040 | |a GR-MY-UA |b gre |e aacr | ||
| 041 | 0 | |a eng | |
| 082 | 0 | |a 330.9048 | |
| 245 | 1 | 0 | |a State of the world 1985 : |b a worldwatch Institute report on progress toward a sustainable society / |c editor Linda Starke |
| 260 | |a New York : |b W. W. Norton, |c 1985 | ||
| 300 | |a 301 p. | ||
| 650 | 0 | 0 | |a Economic policy. |
| 650 | 0 | 0 | |a Economic geography. |
| 700 | 1 | |a Starke, Linda. |4 edt | |
| 852 | |a INST |b LESVOS |e 19970422 |h 330.9048 STA |p 005100011939 |q 005100011939 |t BK |y 0 | ||
| 909 | |a Λ |b 01848 | ||